| 000 | 00503nam a22001697a 4500 | ||
|---|---|---|---|
| 005 | 20260310155511.0 | ||
| 008 | 260309b |||||||| |||| 00| 0 eng d | ||
| 020 | _a978-93-90611-15-7 | ||
| 041 | _aeng | ||
| 082 | _a631 RAV-C | ||
| 100 |
_aRAVAL, LATA J. AND HADAVANI, JANAKI K. & MEHTA, D.R. _98887 |
||
| 245 | _aCROP IMPROVEMENT - II [ RABI CROPS] [ AS PER FIFTH DEAN'S COMMITTE SYLLABUS] | ||
| 260 |
_aDELHI _bJAYA PUBLISHING HOUSE _c2021 |
||
| 300 | _a222 | ||
| 650 | _aAGRICULTURE | ||
| 942 | _cBK | ||
| 999 |
_c9066 _d9064 |
||